000
00279nam a22001097a 4500
008
160518b xxu||||| |||| 00| 0 eng d
020
_a
0895770326
041
_a
eng
080
_a
61
245
_a
Family health guide and medical encyclopedia:
_c
Benjamin F. Miller;
942
_2
udc
_c
BK
999
_c
2210
_d
2210